00345nam a2200109Ia 4500008004100000100001700041245007600058245001700134260000900151650001300160856006200173170221s9999 xx 000 0 und d aElio Alfonso aStock Recommendations for Politically Connected Firms (pages 448–486) cElio Alfonso c2012 xBusiness uhttp://onlinelibrary.wiley.com/doi/10.1111/jbfa.12178/pdf